[Event "HUN-chT2 Erkel 1819"]
[Site "Hungary"]
[Date "2018.12.02"]
[Round "3.3"]
[White "Bokros, Istvan"]
[Black "Imecs, Laszlo"]
[Result "0-1"]
[WhiteElo "2043"]
[BlackElo "2091"]
[PlyCount "114"]
[EventDate "2018.10.28"]
[EventType "team-tourn"]
[EventRounds "9"]
[EventCountry "HUN"]
[SourceTitle "EXT 2021"]
[Source "ChessBase"]
[SourceDate "2020.10.23"]
[SourceVersion "1"]
[SourceVersionDate "2020.10.23"]
[SourceQuality "1"]
[WhiteTeam "Pestszentlorinc"]
[BlackTeam "Vac"]
[WhiteTeamCountry "HUN"]
[BlackTeamCountry "HUN"]

1. e4 d6 2. d4 Nf6 3. Nc3 c6 4. Bg5 Nbd7 5. Nf3 Qa5 6. Qd2 h6 7. Bh4 e5 8. Be2 Be7 9. 0-0 Qc7 10. Bg3 0-0 11. Rad1 b5 12. a3 a6 13. Rfe1 Re8 14. Bf1 Nh5 15. Nh4 Nxg3 16. hxg3 Bg5 17. Qd3 Nb6 18. dxe5 dxe5 19. Qd6 Ra7 20. Nf5 Rd8 21. Qxc7 Rxc7 22. Rxd8+ Bxd8 23. Rd1 Bg5 24. b3 Be6 25. a4 g6 26. Ne3 Rd7 27. Rxd7 Nxd7 28. axb5 axb5 29. Ncd1 f5 30. exf5 gxf5 31. Be2 Kg7 32. g4 f4 33. Nf5+ Kf6 34. Bf3 h5 35. Bxc6 hxg4 36. Nd6 b4 37. Ne4+ Kf5 38. Nb2 Be7 39. Nd3 Nb6 40. Nec5 Bd5 41. Bxd5 Nxd5 42. Na4 e4 43. Ndb2 e3 44. Kf1 Bf6 45. Ke2 exf2 46. Kxf2 Bd4+ 47. Ke2 Ne3 48. Nd3 Nxc2 49. Nac5 Ne3 50. Na6 Nxg2 51. Naxb4 f3+ 52. Kf1 g3 53. Nc2 Ne3+ 54. Nxe3+ Bxe3 55. Ne1 Ke4 56. b4 Ba7 57. b5 Bb6 0-1

[Event "HUN-chT2 Erkel 1718"]
[Site "Hungary"]
[Date "2018.03.25"]
[Round "10.3"]
[White "Frink, Ferenc"]
[Black "Bokros, Istvan"]
[Result "1/2-1/2"]
[WhiteElo "2070"]
[BlackElo "2091"]
[PlyCount "38"]
[EventDate "2017.09.24"]
[EventType "team-tourn"]
[EventRounds "11"]
[EventCountry "HUN"]
[SourceTitle "EXT 2021"]
[Source "ChessBase"]
[SourceDate "2020.10.23"]
[SourceVersion "1"]
[SourceVersionDate "2020.10.23"]
[SourceQuality "1"]
[WhiteTeam "Salgotarjan"]
[BlackTeam "Pestszentlorinc"]
[WhiteTeamCountry "HUN"]
[BlackTeamCountry "HUN"]

1. e4 c5 2. b4 cxb4 3. a3 bxa3 4. Bxa3 d6 5. d4 g6 6. c3 Nf6 7. Bd3 Bg7 8. Ne2 0-0 9. 0-0 b6 10. Nd2 Bb7 11. h3 Nbd7 12. f4 Rc8 13. Qb1 Rc7 14. Nf3 d5 15. e5 Ne4 16. Bxe4 dxe4 17. Ng5 h6 18. Nxe4 Qa8 19. N2g3 f5 1/2-1/2

[Event "Budapest-chT1 Lilienthal 1718"]
[Site "Budapest"]
[Date "2018.02.04"]
[Round "8"]
[White "Bokros, Istvan"]
[Black "Mako, Zoltan"]
[Result "1/2-1/2"]
[WhiteElo "2091"]
[BlackElo "1902"]
[PlyCount "88"]
[EventDate "2017.10.01"]
[EventType "team-tourn"]
[EventRounds "13"]
[EventCountry "HUN"]
[SourceTitle "EXT 2021"]
[Source "ChessBase"]
[SourceDate "2020.10.23"]
[SourceVersion "1"]
[SourceVersionDate "2020.10.23"]
[SourceQuality "1"]
[WhiteTeam "Mattolda"]
[BlackTeam "Csepel"]
[WhiteTeamCountry "HUN"]
[BlackTeamCountry "HUN"]

1. e4 d6 2. d4 Nf6 3. Nc3 g6 4. Be3 Bg7 5. Qd2 c6 6. Bh6 Bxh6 7. Qxh6 Qa5 8. Bd3 b5 9. Nf3 b4 10. Ne2 Bg4 11. Qd2 Nbd7 12. 0-0 Bxf3 13. gxf3 Qh5 14. Qe3 g5 15. Ng3 Qh4 16. Rfe1 e6 17. a3 c5 18. axb4 cxd4 19. Qxd4 Ne5 20. Qxd6 Nxf3+ 21. Kg2 Nxe1+ 22. Rxe1 a6 23. Bxa6 Rxa6 24. Qxa6 0-0 25. Qe2 Ng4 26. h3 Ne5 27. Nh5 Ng6 28. Kg1 Qxh3 29. Nf6+ Kg7 30. Qh5 Qh4 31. e5 Rb8 32. Re4 Qxh5 33. Nxh5+ Kh6 34. Nf6 Nf4 35. Kh2 Kg6 36. Rc4 Rb5 37. Nd7 h5 38. b3 Kf5 39. c3 Nd3 40. Kg2 Nc1 41. Nf6 Kxe5 42. Nxh5 Nxb3 43. Rc7 f5 44. Ng7 Kd6 1/2-1/2

[Event "Budapest-chT1 Lilienthal 1718"]
[Site "Budapest"]
[Date "2017.11.12"]
[Round "3"]
[White "Bokros, Istvan"]
[Black "Novaky, Csaba"]
[Result "1/2-1/2"]
[WhiteElo "2091"]
[BlackElo "2101"]
[PlyCount "84"]
[EventDate "2017.10.01"]
[EventType "team-tourn"]
[EventRounds "13"]
[EventCountry "HUN"]
[SourceTitle "EXT 2021"]
[Source "ChessBase"]
[SourceDate "2020.10.23"]
[SourceVersion "1"]
[SourceVersionDate "2020.10.23"]
[SourceQuality "1"]
[WhiteTeam "Mattolda"]
[BlackTeam "Budapest EAC II"]
[WhiteTeamCountry "HUN"]
[BlackTeamCountry "HUN"]

1. e4 e5 2. Nf3 Nc6 3. d4 exd4 4. Nxd4 Bc5 5. Nxc6 Qf6 6. Qd2 dxc6 7. Nc3 Be6 8. Na4 Rd8 9. Bd3 Bd4 10. 0-0 b5 11. Nc3 Ne7 12. Kh1 Bxc3 13. Qxc3 Qxc3 14. bxc3 0-0 15. a4 a6 16. axb5 axb5 17. Ra7 Rd7 18. Bf4 Rc8 19. Rfa1 f5 20. f3 Ng6 21. exf5 Nxf4 22. fxe6 Nxe6 23. Re1 Rd6 24. Bf5 Kf7 25. Kg1 g6 26. Bh3 Kf6 27. g3 h5 28. Raa1 Rcd8 29. Bxe6 Rxe6 30. Rxe6+ Kxe6 31. Re1+ Kf6 32. Kf2 c5 33. Re4 Rd2+ 34. Re2 Rxe2+ 35. Kxe2 c4 36. Ke3 Ke5 37. Kd2 c5 38. Kc1 b4 39. Kb2 Kd5 40. Kc1 g5 41. Kb2 Ke5 42. Kc1 Kf5 1/2-1/2

[Event "HUN-chT2 Erkel 1718"]
[Site "Hungary"]
[Date "2017.09.24"]
[Round "1.3"]
[White "Bokros, Istvan"]
[Black "Vass, Istvan"]
[Result "0-1"]
[WhiteElo "2091"]
[BlackElo "2058"]
[PlyCount "76"]
[EventDate "2017.09.24"]
[EventType "team-tourn"]
[EventRounds "11"]
[EventCountry "HUN"]
[SourceTitle "EXT 2021"]
[Source "ChessBase"]
[SourceDate "2020.10.23"]
[SourceVersion "1"]
[SourceVersionDate "2020.10.23"]
[SourceQuality "1"]
[WhiteTeam "Pestszentlorinc"]
[BlackTeam "Budapest MAFC"]
[WhiteTeamCountry "HUN"]
[BlackTeamCountry "HUN"]

1. e4 c5 2. Nf3 e6 3. c4 Nc6 4. Nc3 Nf6 5. Be2 d5 6. cxd5 exd5 7. e5 Ng4 8. Bb5 a6 9. Bxc6+ bxc6 10. 0-0 Be7 11. d4 cxd4 12. Qxd4 Be6 13. Na4 h5 14. Nc5 Nh6 15. Nxe6 fxe6 16. Qa4 Qd7 17. Bg5 Nf5 18. Rac1 Bxg5 19. Nxg5 Ne7 20. Rfd1 Rf8 21. Ne4 Qc7 22. Nd6+ Kd7 23. f4 g5 24. fxg5 Nf5 25. Ne4 Qb6+ 26. Nc5+ Ke7 27. Qa3 Kf7 28. Kh1 Rfb8 29. Nd7 Qxb2 30. Qf3 Kg6 31. Nxb8 Rxb8 32. h4 Rb4 33. g3 Qxe5 34. Re1 Nxg3+ 35. Kg2 Rb2+ 36. Kh3 Nf1 37. Qd3+ Kg7 38. Rc2 Qh2+ 0-1

[Event "HUN-chT2 Erkel 1617"]
[Site "Hungary"]
[Date "2017.04.09"]
[Round "11.4"]
[White "Bokros, Istvan"]
[Black "Vagyi, Erik"]
[Result "1/2-1/2"]
[WhiteElo "2078"]
[BlackElo "2136"]
[PlyCount "24"]
[EventDate "2016.09.25"]
[EventType "team-tourn"]
[EventRounds "11"]
[EventCountry "HUN"]
[SourceTitle "EXT 2021"]
[Source "ChessBase"]
[SourceDate "2020.10.23"]
[SourceVersion "1"]
[SourceVersionDate "2020.10.23"]
[SourceQuality "1"]
[WhiteTeam "Pestszentlorinc"]
[BlackTeam "Sarkany DSE"]
[WhiteTeamCountry "HUN"]
[BlackTeamCountry "HUN"]

1. e4 e6 2. d4 d5 3. exd5 exd5 4. Bd3 Bd6 5. Ne2 Ne7 6. 0-0 0-0 7. Bf4 Bf5 8. Bxd6 Qxd6 9. Ng3 Bxd3 10. Qxd3 Nd7 11. Nf5 Nxf5 12. Qxf5 Nf6 1/2-1/2

[Event "HUN-chT2 Erkel 1617"]
[Site "Hungary"]
[Date "2017.02.12"]
[Round "8.4"]
[White "Bokros, Istvan"]
[Black "Morvay, Miklos"]
[Result "0-1"]
[WhiteElo "2078"]
[BlackElo "2175"]
[PlyCount "120"]
[EventDate "2016.09.25"]
[EventType "team-tourn"]
[EventRounds "11"]
[EventCountry "HUN"]
[SourceTitle "EXT 2021"]
[Source "ChessBase"]
[SourceDate "2020.10.23"]
[SourceVersion "1"]
[SourceVersionDate "2020.10.23"]
[SourceQuality "1"]
[WhiteTeam "Pestszentlorinc"]
[BlackTeam "Budapest Kobanya II"]
[WhiteTeamCountry "HUN"]
[BlackTeamCountry "HUN"]

1. e4 e5 2. Nf3 Nc6 3. Bc4 Nf6 4. d3 Bc5 5. c3 d6 6. Nbd2 a6 7. Bb3 Ba7 8. Nf1 Ne7 9. Ng3 Ng6 10. 0-0 0-0 11. h3 Be6 12. Nf5 d5 13. Ng5 Bd7 14. Ng3 h6 15. Nf3 Bc6 16. exd5 Nxd5 17. d4 Re8 18. dxe5 Ndf4 19. Be3 Qxd1 20. Bxd1 Bb5 21. Re1 Nd3 22. Re2 Ndxe5 23. Rc2 Bxe3 24. fxe3 Bd3 25. Rd2 c5 26. Kf2 Rad8 27. b3 Bb5 28. c4 Bc6 29. Rxd8 Rxd8 30. Nxe5 Nxe5 31. Be2 Rd2 32. e4 g6 33. Ke3 Rb2 34. Bf3 Kf8 35. Ne2 b5 36. cxb5 axb5 37. Nc3 b4 38. Nd1 Rc2 39. a4 Bb7 40. Rb1 Ba6 41. Rb2 Bd3 42. Bg4 Ke7 43. Bc8 Kd6 44. Bb7 f6 45. a5 Kc7 46. Bd5 Kb8 47. Rxc2 Bxc2 48. Nf2 Ka7 49. Kd2 Bb1 50. Ng4 Nxg4 51. hxg4 Ka6 52. Ke3 g5 53. g3 Kxa5 54. Bc4 Bc2 55. Be6 Kb6 56. Bd5 Kc7 57. Kd2 Bb1 58. Ke3 Kd6 59. Kf3 Ke5 60. Ke3 Bc2 0-1

[Event "HUN-chT2 Erkel 1516"]
[Site "Hungary"]
[Date "2016.04.17"]
[Round "11.3"]
[White "Bokros, Istvan"]
[Black "Frink, Ferenc"]
[Result "1/2-1/2"]
[WhiteElo "2109"]
[BlackElo "2107"]
[PlyCount "31"]
[EventDate "2015.09.13"]
[EventType "team-tourn"]
[EventRounds "11"]
[EventCountry "HUN"]
[SourceTitle "EXT 2017"]
[Source "ChessBase"]
[SourceDate "2016.10.25"]
[SourceVersion "1"]
[SourceVersionDate "2016.10.25"]
[SourceQuality "1"]
[WhiteTeam "Pestszentlorinc"]
[BlackTeam "Salgotarjan"]
[WhiteTeamCountry "HUN"]
[BlackTeamCountry "HUN"]

1. e4 Nc6 2. d4 e5 3. d5 Nce7 4. Be3 f5 5. f3 fxe4 6. fxe4 Nf6 7. Bd3 Ng6 8. Qd2 Ng4 9. Bg5 Be7 10. Bxe7 Qxe7 11. Nc3 0-0 12. Nd1 d6 13. g3 Bd7 14. h3 Nf6 15. Nf2 Nh5 16. Qe3 1/2-1/2

[Event "HUN-chT2 Erkel 1516"]
[Site "Hungary"]
[Date "2016.04.03"]
[Round "10.3"]
[White "Fodor, Balazs"]
[Black "Bokros, Istvan"]
[Result "1-0"]
[WhiteElo "1985"]
[BlackElo "2109"]
[PlyCount "45"]
[EventDate "2015.09.13"]
[EventType "team-tourn"]
[EventRounds "11"]
[EventCountry "HUN"]
[SourceTitle "EXT 2017"]
[Source "ChessBase"]
[SourceDate "2016.10.25"]
[SourceVersion "1"]
[SourceVersionDate "2016.10.25"]
[SourceQuality "1"]
[WhiteTeam "Budapest MTK II"]
[BlackTeam "Pestszentlorinc"]
[WhiteTeamCountry "HUN"]
[BlackTeamCountry "HUN"]

1. d4 Nf6 2. Nf3 e6 3. c4 b6 4. a3 Bb7 5. Nc3 d5 6. Bg5 Be7 7. e3 Nbd7 8. Rc1 0-0 9. cxd5 exd5 10. Bd3 c5 11. 0-0 h6 12. Bf4 Nh5 13. Be5 f6 14. Bg3 Nxg3 15. hxg3 Bd6 16. Nh4 Re8 17. Bg6 cxd4 18. Bxe8 dxc3 19. Bxd7 Qxd7 20. Rxc3 Be5 21. Rc2 Ba6 22. Re1 Bc4 23. Rxc4 1-0

[Event "HUN-chT2 Erkel 1516"]
[Site "Hungary"]
[Date "2015.12.06"]
[Round "6.4"]
[White "Bokros, Istvan"]
[Black "Gubics, Peter"]
[Result "1-0"]
[WhiteElo "2109"]
[BlackElo "2075"]
[PlyCount "83"]
[EventDate "2015.09.13"]
[EventType "team-tourn"]
[EventRounds "11"]
[EventCountry "HUN"]
[SourceTitle "CBM 170 Extra"]
[Source "ChessBase"]
[SourceDate "2016.02.25"]
[SourceVersion "1"]
[SourceVersionDate "2016.02.25"]
[SourceQuality "1"]
[WhiteTeam "Pestszentlorinc"]
[BlackTeam "Foti"]
[WhiteTeamCountry "HUN"]
[BlackTeamCountry "HUN"]

1. e4 e6 2. d4 d5 3. Nc3 Nf6 4. Bg5 Be7 5. e5 Nfd7 6. Bxe7 Qxe7 7. f4 0-0 8. Nf3 c5 9. Qd2 Nc6 10. 0-0-0 f6 11. exf6 Rxf6 12. g3 Nb6 13. Bb5 Bd7 14. Rhe1 Rc8 15. Bf1 Be8 16. Qf2 cxd4 17. Nxd4 Bh5 18. Rd2 Na5 19. Ndb5 Nac4 20. Bxc4 Rxc4 21. Rxd5 Bg6 22. Rd4 Rc5 23. Rd8+ Kf7 24. Rd6 Nd5 25. Rd1 Nxc3 26. Nxc3 Rc7 27. Qxa7 h6 28. Qb8 Bf5 29. Qxc7 Qxc7 30. Rd7+ Qxd7 31. Rxd7+ Kg6 32. Rxb7 Rf8 33. a4 Ra8 34. b3 Rc8 35. Kb2 Rd8 36. Rc7 Rd2 37. Nb5 Rxh2 38. a5 Rg2 39. Nd6 Bg4 40. a6 Rxg3 41. a7 Bf3 42. Nb7 1-0

[Event "HUN-chT2 Erkel 1516"]
[Site "Hungary"]
[Date "2015.10.18"]
[Round "3.4"]
[White "Bokros, Istvan"]
[Black "Ruttkay, Peter"]
[Result "1-0"]
[WhiteElo "2109"]
[BlackElo "2113"]
[PlyCount "111"]
[EventDate "2015.09.13"]
[EventType "team-tourn"]
[EventRounds "11"]
[EventCountry "HUN"]
[SourceTitle "CBM 170 Extra"]
[Source "ChessBase"]
[SourceDate "2016.02.25"]
[SourceVersion "1"]
[SourceVersionDate "2016.02.25"]
[SourceQuality "1"]
[WhiteTeam "Pestszentlorinc"]
[BlackTeam "GSBE"]
[WhiteTeamCountry "HUN"]
[BlackTeamCountry "HUN"]

1. e4 d6 2. d4 Nf6 3. Nc3 g6 4. f4 Bg7 5. Nf3 0-0 6. Be3 Ng4 7. Bg1 c5 8. h3 cxd4 9. Bxd4 Nf6 10. g4 Nc6 11. Be3 Qa5 12. Qd2 Qb4 13. Bd3 Qxb2 14. Rb1 Qa3 15. Nb5 Qa4 16. c4 Ne8 17. 0-0 Qa5 18. Qxa5 Nxa5 19. Nxa7 h5 20. Rb5 hxg4 21. hxg4 Nc6 22. Nxc8 Rxc8 23. Rxb7 Na5 24. Rxe7 Nxc4 25. Rc1 d5 26. exd5 Ned6 27. Bf2 Bf6 28. Ree1 Nb2 29. Bb1 Ndc4 30. g5 Bg7 31. Bd4 Rfd8 32. Bxg7 Kxg7 33. Be4 Ra8 34. Ne5 Nd6 35. Rc7 Ra4 36. Bxg6 Rxf4 37. Rf1 Rxf1+ 38. Kxf1 Re8 39. Nxf7 Kxg6 40. Nxd6 Re5 41. Rc6 Rxd5 42. Nc4+ Kxg5 43. Nxb2 Kf4 44. Ke2 Ke4 45. a4 Rh5 46. Kd2 Rh3 47. Kc2 Kd4 48. Rc4+ Kd5 49. Rc3 Rh8 50. Kb3 Rb8+ 51. Ka3 Kd4 52. Rc7 Kd5 53. Nc4 Rb1 54. a5 Kd4 55. Ka4 Kd5 56. a6 1-0

[Event "Budapest-chT1 Lilienthal 1516"]
[Site "Budapest"]
[Date "2015.09.27"]
[Round "2"]
[White "Bokros, Istvan"]
[Black "Ravasz, Laszlo"]
[Result "0-1"]
[WhiteElo "2118"]
[BlackElo "2096"]
[PlyCount "80"]
[EventDate "2015.09.20"]
[EventType "team-tourn"]
[EventRounds "9"]
[EventCountry "HUN"]
[SourceTitle "EXT 2021"]
[Source "ChessBase"]
[SourceDate "2020.10.23"]
[SourceVersion "1"]
[SourceVersionDate "2020.10.23"]
[SourceQuality "1"]
[WhiteTeam "Siketek"]
[BlackTeam "Barcza GSC"]
[WhiteTeamCountry "HUN"]
[BlackTeamCountry "HUN"]

1. e4 g6 2. d4 Bg7 3. Nc3 c6 4. f4 d5 5. e5 h5 6. Nf3 Nh6 7. Be3 Bg4 8. h3 Bf5 9. Bf2 Nd7 10. Bd3 e6 11. Qe2 b5 12. Nh4 a5 13. a4 b4 14. Nd1 Bf8 15. Ne3 Be7 16. Nhxf5 Nxf5 17. Nxf5 gxf5 18. b3 h4 19. 0-0-0 Nf8 20. g4 hxg3 21. Bxg3 Ng6 22. Rdg1 Bh4 23. Qf2 Bxg3 24. Rxg3 Qh4 25. Rf1 Ke7 26. Rf3 Qxf2 27. R1xf2 Nh4 28. Rg3 Rag8 29. Rxg8 Rxg8 30. Bf1 Rg3 31. Kb2 Nf3 32. Rg2 Rxg2 33. Bxg2 Nxd4 34. c3 bxc3+ 35. Kxc3 Ne2+ 36. Kd2 Nxf4 37. Bf1 c5 38. h4 Ng6 39. h5 Nxe5 40. Be2 Kf6 0-1

[Event "HUN-chT2 Breyer 1415"]
[Site "Hungary"]
[Date "2015.04.26"]
[Round "?"]
[White "Finszter, Mate"]
[Black "Bokros, Istvan"]
[Result "1-0"]
[WhiteElo "2153"]
[BlackElo "2127"]
[PlyCount "117"]
[EventDate "2014.09.07"]
[EventType "team-tourn"]
[EventRounds "11"]
[EventCountry "HUN"]
[SourceTitle "EXT 2016"]
[Source "ChessBase"]
[SourceDate "2015.10.08"]
[SourceVersion "1"]
[SourceVersionDate "2015.10.08"]
[SourceQuality "1"]
[WhiteTeam "Gyor UDSE"]
[BlackTeam "Pestszentlorinc"]
[WhiteTeamCountry "HUN"]
[BlackTeamCountry "HUN"]

1. d4 e6 2. Bf4 c5 3. e3 Nc6 4. c3 Nf6 5. Nd2 b6 6. Ngf3 Bb7 7. Bd3 Be7 8. Qe2 d5 9. h4 a6 10. Nh2 Bd6 11. Bxd6 Qxd6 12. Nhf3 0-0 13. h5 e5 14. dxe5 Nxe5 15. Nxe5 Qxe5 16. Nf3 Qe7 17. Nh4 Ne4 18. Nf5 Qf6 19. Bxe4 dxe4 20. Ng3 Qe6 21. Qc2 f5 22. Ne2 Bd5 23. b3 Qe5 24. Rd1 Bc6 25. Nf4 Rfd8 26. Ke2 Bb5+ 27. c4 Be8 28. Rd2 Bf7 29. Rhd1 Rxd2+ 30. Qxd2 g5 31. hxg6 hxg6 32. Qd6 Qxd6 33. Rxd6 g5 34. Nd5 b5 35. Ne7+ Kf8 36. Ng6+ Ke8 37. Ne5 Bh5+ 38. g4 Bxg4+ 39. Nxg4 fxg4 40. Re6+ Kf7 41. Rxe4 Kf6 42. Rxg4 Kf5 43. Rg1 bxc4 44. bxc4 Rb8 45. Rd1 Kg4 46. f3+ Kg3 47. Rg1+ Kh4 48. Kd3 Rb2 49. e4 Rxa2 50. e5 Ra3+ 51. Ke4 Rc3 52. e6 Rxc4+ 53. Ke5 Rc3 54. Re1 Rb3 55. e7 Rb8 56. Rg1 c4 57. Rg4+ Kh5 58. Kf6 c3 59. Rc4 1-0

[Event "HUN-chT2 Breyer 1415"]
[Site "Hungary"]
[Date "2014.11.30"]
[Round "?"]
[White "Koncz, Imre"]
[Black "Bokros, Istvan"]
[Result "1/2-1/2"]
[WhiteElo "2148"]
[BlackElo "2127"]
[PlyCount "112"]
[EventDate "2014.09.07"]
[EventType "team-tourn"]
[EventRounds "11"]
[EventCountry "HUN"]
[SourceTitle "EXT 2016"]
[Source "ChessBase"]
[SourceDate "2015.10.08"]
[SourceVersion "1"]
[SourceVersionDate "2015.10.08"]
[SourceQuality "1"]
[WhiteTeam "Szazhalombatta"]
[BlackTeam "Pestszentlorinc"]
[WhiteTeamCountry "HUN"]
[BlackTeamCountry "HUN"]

1. d4 e6 2. c4 c5 3. d5 exd5 4. cxd5 d6 5. Nc3 Ne7 6. e4 Ng6 7. f4 Be7 8. Nf3 0-0 9. Bd3 Bg4 10. 0-0 Nh4 11. Be2 Bxf3 12. Bxf3 Nxf3+ 13. Qxf3 Bf6 14. Bd2 Nd7 15. Kh1 a6 16. a4 b6 17. Rae1 Bd4 18. Be3 Bxe3 19. Rxe3 Re8 20. Qh5 Nf6 21. Qf5 Qd7 22. Qg5 h6 23. Qg3 Ng4 24. Re2 b5 25. axb5 axb5 26. e5 b4 27. e6 Qd8 28. Qxg4 bxc3 29. bxc3 Qf6 30. Re3 fxe6 31. dxe6 Ra3 32. Qh3 d5 33. f5 Ra6 34. Qf3 d4 35. cxd4 Qxd4 36. Rd3 Qf6 37. Qd5 Ra1 38. Rxa1 Qxa1+ 39. Rd1 Qa4 40. Qd7 Qxd7 41. Rxd7 h5 42. Kg1 g6 43. fxg6 Rxe6 44. Rd5 h4 45. Rxc5 Rxg6 46. Rh5 Rg4 47. Kf2 Kg7 48. h3 Ra4 49. Rg5+ Kh6 50. Re5 Rf4+ 51. Ke3 Rf1 52. Re4 Kg5 53. Ra4 Kh5 54. Rf4 Ra1 55. Rf5+ Kg6 56. Rd5 Rf1 1/2-1/2

[Event "HUN-chT2 Charousek 1213"]
[Site "Hungary"]
[Date "2012.11.04"]
[Round "3"]
[White "Gal, Hanna Krisztina"]
[Black "Bokros, Istvan"]
[Result "0-1"]
[WhiteElo "2012"]
[BlackElo "2140"]
[PlyCount "132"]
[EventDate "2012.09.16"]
[EventType "team-tourn"]
[EventRounds "11"]
[EventCountry "HUN"]
[SourceTitle "EXT 2014"]
[Source "ChessBase"]
[SourceDate "2013.11.20"]
[SourceVersion "1"]
[SourceVersionDate "2013.11.20"]
[SourceQuality "1"]
[WhiteTeam "Kobanya Aquarena"]
[BlackTeam "Penzugyor II"]
[WhiteTeamCountry "HUN"]
[BlackTeamCountry "HUN"]

1. e4 c5 2. Nf3 d6 3. c3 Nf6 4. Be2 Nc6 5. d4 cxd4 6. cxd4 d5 7. exd5 Nxd5 8. Nc3 e6 9. 0-0 Be7 10. Bd3 0-0 11. Be3 Ncb4 12. Bb1 f5 13. Ne5 Nxe3 14. fxe3 Nd5 15. Qd3 Bf6 16. e4 Nxc3 17. Qxc3 Bxe5 18. dxe5 Qb6+ 19. Kh1 Bd7 20. exf5 exf5 21. Bd3 Rac8 22. Qb3+ Be6 23. Qxb6 axb6 24. a3 Rc5 25. Rfe1 Rd8 26. Rad1 Kf8 27. Bc2 Rxd1 28. Bxd1 Rc1 29. Rg1 Bd5 30. Ba4 Rxg1+ 31. Kxg1 Ke7 32. Kf2 Ke6 33. h4 Kxe5 34. g3 f4 35. g4 Kd4 36. Bb5 h6 37. g5 hxg5 38. hxg5 Ke4 39. Bd7 Kd3 40. Ba4 Kd4 41. Bc2 Ke5 42. Bg6 Be4 43. Be8 Kf5 44. g6 Kg5 45. Bf7 Kf6 46. b4 b5 47. Be8 Bc6 48. Bf7 Ke5 49. Ke2 Kd4 50. Kd2 f3 51. Be6 Be4 52. Bg4 f2 53. Ke2 Bxg6 54. Kxf2 Kc3 55. Ke3 Be8 56. Bf5 g5 57. Bg4 b6 58. Ke2 Bg6 59. Bd7 Kb3 60. Kd2 Kxa3 61. Kc3 Bh5 62. Bxb5 Bf3 63. Bd7 g4 64. Kc4 g3 65. Bh3 Ka4 66. Bd7+ b5+ 0-1

[Event "HUN-chT2 Charousek 1213"]
[Site "Hungary"]
[Date "2012.10.07"]
[Round "2"]
[White "Mullner, Imre"]
[Black "Bokros, Istvan"]
[Result "1/2-1/2"]
[WhiteElo "2165"]
[BlackElo "2140"]
[PlyCount "43"]
[EventDate "2012.09.16"]
[EventType "team-tourn"]
[EventRounds "11"]
[EventCountry "HUN"]
[SourceTitle "EXT 2014"]
[Source "ChessBase"]
[SourceDate "2013.11.20"]
[SourceVersion "1"]
[SourceVersionDate "2013.11.20"]
[SourceQuality "1"]
[WhiteTeam "MLTC II"]
[BlackTeam "Penzugyor II"]
[WhiteTeamCountry "HUN"]
[BlackTeamCountry "HUN"]

1. e4 c5 2. Nf3 d6 3. Bb5+ Nc6 4. 0-0 Bd7 5. Re1 Nf6 6. c3 a6 7. Bf1 Bg4 8. h3 Bh5 9. d3 e6 10. Nbd2 Be7 11. a4 h6 12. Qc2 d5 13. g3 g5 14. Bg2 Qc7 15. Nf1 Bg6 16. N3h2 0-0-0 17. b3 dxe4 18. dxe4 Ne5 19. Ne3 Nd3 20. Rd1 Nxc1 21. Raxc1 Rxd1+ 22. Rxd1 1/2-1/2

[Event "HUN-chT2 Charousek 1112"]
[Site "Hungary"]
[Date "2012.05.20"]
[Round "11"]
[White "Bokros, Istvan"]
[Black "Horvath, Tamas3333"]
[Result "0-1"]
[WhiteElo "2186"]
[BlackElo "2191"]
[PlyCount "64"]
[EventDate "2011.09.25"]
[EventType "team-tourn"]
[EventRounds "11"]
[EventCountry "HUN"]
[SourceTitle "EXT 2013"]
[Source "ChessBase"]
[SourceDate "2012.11.22"]
[SourceVersion "1"]
[SourceVersionDate "2012.11.22"]
[SourceQuality "1"]
[WhiteTeam "Penzugyor II"]
[BlackTeam "Gyor Elektromos"]
[WhiteTeamCountry "HUN"]
[BlackTeamCountry "HUN"]

1. e4 c5 2. Nf3 d6 3. d4 cxd4 4. Nxd4 Nf6 5. Nc3 a6 6. Bg5 e6 7. f4 Be7 8. Qf3 Qc7 9. 0-0-0 Nbd7 10. g4 b5 11. Bxf6 Nxf6 12. g5 Nd7 13. f5 Nc5 14. f6 gxf6 15. gxf6 Bf8 16. Rg1 h5 17. Kb1 b4 18. Nce2 Bb7 19. Qh3 0-0-0 20. Ng3 h4 21. Rg2 Rh6 22. Ngf5 exf5 23. Nxf5 Rxf6 24. Qxh4 Nxe4 25. Bxa6 Bxa6 26. Qxe4 Bb7 27. Qg4 Bxg2 28. Ne3+ Re6 29. Nxg2 Kb8 30. Qxb4+ Qb7 31. Qa5 Rde8 32. Rd3 Re5 0-1